| 000 -CABECERA |
| campo de control de longitud fija |
01840nam a2200265 a 4500 |
| 001 - NÚMERO DE CONTROL |
| campo de control |
000081604 |
| 005 - FECHA Y HORA DE LA ÚLTIMA TRANSACCIÓN |
| campo de control |
20200120224607.0 |
| 008 - DATOS DE LONGITUD FIJA--INFORMACIÓN GENERAL |
| campo de control de longitud fija |
161123s2015 sp ||||gr|||| 000 ||spa d |
| 020 ## - NÚMERO INTERNACIONAL ESTÁNDAR DEL LIBRO |
| Número Internacional Estándar del Libro |
9788416075393 |
| 041 0# - CÓDIGO DE LENGUA |
| Código de lengua del texto/banda sonora o título independiente |
+¿spa |
| 043 ## - CÓDIGO DE ÁREA GEOGRÁFICA |
| Código de área geográfica |
s-sp--- |
| 082 04 - NÚMERO DE LA CLASIFICACIÓN DECIMAL DEWEY |
| Número de edición |
21 |
| 090 ## - LOCALMENTE ASIGNADO TIPO-LC NÚMERO DE CLASIFICACIÓN (OCLC); NÚMERO DE CLASIFICACIÓN LOCAL (RLIN) |
| Número de clasificación (OCLC) (R) ; Numero de clasificación, CALL (RLIN) (NR) |
JN |
| Número cutter local (OCLC) ; Número de libro/Signatura topográfica íntegra, CALL (RLIN) |
GIEs |
| 100 1# - ENTRADA PRINCIPAL--NOMBRE DE PERSONA |
| Nombre de persona |
Gier, Kerstin |
| 245 10 - MENCIÓN DE TÍTULO |
| Título |
Silber : |
| Resto del título |
el segundo libro de los sueños / |
| Mención de responsabilidad, etc. |
Kerstin Gier, traducción Nuria Villagrasa Valdivieso. |
| 250 ## - MENCIÓN DE EDICIÓN |
| Mención de edición |
1a. ed. |
| 260 ## - PUBLICACIÓN, DISTRIBUCIÓN, ETC. |
| Lugar de publicación, distribución, etc. |
Barcelona : |
| Nombre del editor, distribuidor, etc. |
Ediciones B, |
| Fecha de publicación, distribución, etc. |
2015. |
| 300 ## - DESCRIPCIÓN FÍSICA |
| Extensión |
349 páginas. |
| 520 ## - SUMARIO, ETC. |
| Sumario, etc. |
"Las vidas de Liv, Henry y Grayson parecen haber vuelto a la normalidad, hasta que son atacados por un personaje que demuestra conocerlos bien. Entretanto, Mia empieza a vagar, sonámbula, por las noches y a hacer cosas extrañas como intentar ahogar a su hermana Liv. Esta y Grayson deciden montar guardia para evitar que Mia se haga daño o dañe a alguien más. Durante el día, Liv y Henry continúan con su relación, la cual se ve amenazada cuando Secrecy publica en el blog que Henry está insatisfecho por no tener relaciones sexuales con Liv. Como consecuencia de ello la pareja rompe, pero continúan juntos para intentar proteger a Mia, sobre todo, cuando se enteran de que quien los persigue en sueños es la propia Anabel, que quiere salir del psiquiátrico en que se encuentra recluida. Anabel lo niega, pero ellos no le creen. Hasta que descubren que es Arthur disfrazado de Anabel quien se quiere vengar de Liv. ¿Cómo se resolverá todo esto? ¿Lograrán Liv, Henry, Grayson y Mia recuperar la calma tanto en la noche como en el día?" |
| 650 17 - PUNTO DE ACCESO ADICIONAL DE MATERIA--TÉRMINO DE MATERIA |
| Término de materia o nombre geográfico como elemento de entrada |
Novela juvenil alemana |
| Fuente del encabezamiento o término |
LEMB |
| 650 27 - PUNTO DE ACCESO ADICIONAL DE MATERIA--TÉRMINO DE MATERIA |
| Término de materia o nombre geográfico como elemento de entrada |
Sueños |
| Subdivisión general |
Novela juvenil alemana |
| 650 27 - PUNTO DE ACCESO ADICIONAL DE MATERIA--TÉRMINO DE MATERIA |
| Término de materia o nombre geográfico como elemento de entrada |
Literatura alemana |
| Fuente del encabezamiento o término |
LEMB |
| 650 27 - PUNTO DE ACCESO ADICIONAL DE MATERIA--TÉRMINO DE MATERIA |
| Término de materia o nombre geográfico como elemento de entrada |
Novela de ciencia-ficción |
| Fuente del encabezamiento o término |
LEMB |
| 710 2# - PUNTO DE ACCESO ADICIONAL--NOMBRE DE ENTIDAD CORPORATIVA |
| Nombre de entidad corporativa o nombre de jurisdicción como elemento de entrada |
Nuria Villagrasa Valdivieso, |
| Sede del congreso/Lugar de la reunión |
traductora. |